[Event "Talinka Cup"]
[Site "Talinka"]
[Date "2007.02.11"]
[Round "9"]
[White "Saltykov, Petr"]
[Black "Karpov, Alexander"]
[Result "0-1"]
[WhiteElo "2141"]
[BlackElo "2312"]
[PlyCount "58"]
[EventDate "2007.02.03"]
[EventType "tourn"]
[EventRounds "9"]
[EventCountry "RUS"]
[EventCategory "2"]
[SourceTitle "EXT 2008"]
[Source "ChessBase"]
[SourceDate "2007.11.25"]
[SourceVersion "1"]
[SourceVersionDate "2007.11.25"]
[SourceQuality "1"]

1. e4 c5 2. Nf3 Nc6 3. Bb5 g6 4. Bxc6 dxc6 5. d3 Bg7 6. 0-0 b6 7. h3 Nh6 8. Nc3 0-0 9. Bf4 f6 10. e5 g5 11. exf6 exf6 12. Bh2 g4 13. hxg4 Bxg4 14. Re1 Qd7 15. Ne2 Bxf3 16. gxf3 Rae8 17. d4 c4 18. c3 Nf5 19. Bg3 Bh6 20. Kg2 Rf7 21. Ng1 Rxe1 22. Qxe1 Re7 23. Qf1 Qe6 24. Rb1 Bf8 25. b3 cxb3 26. axb3 Rg7 27. Qe1 Qd7 28. Kf1 h5 29. Qe4 Rxg3 0-1